| 000 | 00463nam a2200181Ia 4500 | ||
|---|---|---|---|
| 001 | 9902 | ||
| 005 | 20260306161752.0 | ||
| 008 | 260306t2015||||xx |||||||||||||| ||spa|| | ||
| 041 | _aESP | ||
| 082 |
_a808.066 _bT68 |
||
| 100 |
_aToller, Fernando M. _eAUT |
||
| 245 | 0 |
_aSistemas de citas y redacción en derecho: _bmanual hispanoamericano |
|
| 260 | _c2015 | ||
| 300 |
_a266 páginas : _c22 cm. |
||
| 650 | _aGEN | ||
| 654 | _aCHU | ||
| 942 |
_cLIB _dJUS _fJUS _2ddc _n |
||
| 999 |
_c9902 _d9902 |
||